|
|
|
|
| LEADER |
01592nam a22004094a 4500 |
| 001 |
EBC259179 |
| 003 |
MiAaPQ |
| 005 |
20200520144314.0 |
| 006 |
m o d | |
| 007 |
cr cn||||||||| |
| 008 |
041220s2005 onc sb 001 0 eng |
| 010 |
|
|
|z 2004030373
|
| 020 |
|
|
|z 0754645231 (alk. paper)
|
| 035 |
|
|
|a (MiAaPQ)EBC259179
|
| 035 |
|
|
|a (Au-PeEL)EBL259179
|
| 035 |
|
|
|a (CaPaEBR)ebr10126266
|
| 035 |
|
|
|a (CaONFJC)MIL71779
|
| 035 |
|
|
|a (OCoLC)61204531
|
| 040 |
|
|
|a MiAaPQ
|c MiAaPQ
|d MiAaPQ
|
| 043 |
|
|
|a d------
|
| 050 |
|
4 |
|a HG3881.5.I58
|b A333 2005
|
| 082 |
0 |
4 |
|a 332.1/52/091724
|2 22
|
| 245 |
0 |
0 |
|a Accountability of the International Monetary Fund
|h [electronic resource] /
|c edited by Barry Carin and Angela Wood.
|
| 260 |
|
|
|a Ottawa :
|b International Development Research Centre ;
|a Burlington, VT :
|b Ashgate,
|c c2005.
|
| 300 |
|
|
|a xi, 124 p.
|
| 490 |
1 |
|
|a Voices in development management
|
| 504 |
|
|
|a Includes bibliographical references and index.
|
| 533 |
|
|
|a Electronic reproduction. Ann Arbor, MI : ProQuest, 2015. Available via World Wide Web. Access may be limited to ProQuest affiliated libraries.
|
| 610 |
2 |
0 |
|a International Monetary Fund
|z Developing countries.
|
| 610 |
2 |
0 |
|a International Monetary Fund
|x Management.
|
| 650 |
|
0 |
|a International agencies
|x Decision making.
|
| 655 |
|
4 |
|a Electronic books.
|
| 700 |
1 |
|
|a Carin, Barry,
|d 1946-
|
| 700 |
1 |
|
|a Wood, Angela.
|
| 710 |
2 |
|
|a ProQuest (Firm)
|
| 830 |
|
0 |
|a Voices in development management.
|
| 856 |
4 |
0 |
|u https://ebookcentral.proquest.com/lib/matrademy/detail.action?docID=259179
|z Click to View
|